Žilina a ČH naplno

Bibliographic Details
Main Authors: nek (Author), pt (Author), jv (Author)
Format: Article
Language:Slovak
Subjects:

MARC

LEADER 00000nab a2200000 a 4500
001 vtls000370910
003 SK-MaSNL
005 20260303192640.0
008 111202c1990 xo 0 slo
015 |a SNBRB19rr/mm-uuuuu 
035 |a CL0371032 
040 |a SNKBUCL  |b slo  |c SNKBUCL  |e AACR2 
041 0 |a slo 
044 |a xo  |c SK 
080 |a 796.325.093.1(437)  |2 1981 
100 1 |a nek  |4 aut  |9 1004163 
245 1 0 |a Žilina a ČH naplno  |c nek, pt, jv 
650 0 7 |a volejbal  |2 snkbucl  |9 3294 
655 7 |a články z novín a časopisov  |2 snkbucl  |9 267496 
700 1 |a pt  |4 aut  |9 847018 
700 1 |a jv  |4 aut  |9 842955 
773 0 |t Šport  |g Roč. 44, č. 12 (15. 1. 1990), s. 3 
850 |a Slovenská národná knižnica v Martine  |a MTA001 
852 |a SNK  |b KIS3GCP 
958 |a RK 
992 |a RBX 
999 |c 2147685  |d 2149615